| 000 | 00352nam a2200145Ia 4500 | ||
|---|---|---|---|
| 008 | 230917s9999||||xx |||||||||||||| ||und|| | ||
| 040 |
_e9421 _aMAIN |
||
| 041 | _aEnglish | ||
| 082 | _a541.3453 R733O | ||
| 100 | _aRoss, Sydney | ||
| 245 | 0 | _aOn physical adsorption | |
| 260 |
_aNew York _bInterscience _c1964 |
||
| 300 | _axxv, 401 p. | ||
| 942 | _cBK | ||
| 999 |
_c167057 _d167057 |
||